régions françaises - Statistiques

Statistiques générales
  • Ce quiz a été pris 39 fois
  • Le résultat moyen est 10 sur 13
Statistiques - réponses
Réponse % Correct
bretagne
94%
ile de france
94%
grand est
83%
normandie
83%
hauts de france
80%
provence alpes cote d'azur
80%
Auvergne Rhone Alpes
74%
corse
74%
nouvelle aquitaine
74%
occitanie
74%
centre val de loire
71%
pays de la loire
69%
bourgogne franc comté
0%
Aucun quiz correspondant
Distribution des résultats
% des personnes avec chaque résultat
Percentile par nombre de réponses
Votre historique - résultats
Vous n’avez pas pris ce quiz